• 首页
  • 本馆介绍
  • 公告通知
  • 最新文献
  • 馆藏检索
  • 电子资源
  • 读者导购
  • 参考咨询
  • 我的图书馆
  • 登录
  • 详细信息显示
  • 放入我的书架
  • 预约/预借图书
  • 作者相关作品
  • 分类相关作品
  • 丛书相关作品
  • 出版社相关作品

书目信息

  • 表格格式
  • 工作单格式
  • 卡片格式
题名:
刀鉴
    
 
作者: 克兹曼, 主编 ;朱鸿飞 译
分册:  
出版信息: 南京   江苏凤凰科学技术出版社  2016.12
页数: 196页
开本: 23cm
丛书名:
单 册:
中图分类: TS914.212
科图分类:
主题词: 刀剪--dao jian--介绍--世界
电子资源:
ISBN: 978-7-5537-6839-7
000 00983nam0 2200277 450
001 CAL 0120162077782
005 20171211153128.65
010    @a978-7-5537-6839-7@b@dCNY58.00
100    @a20170117d2016 em y0chiy50 ea
101 1  @achi@ceng
102    @aCN@b320000
105    @aa z 000yy
106    @ar
200 1  @a刀鉴@Adao jian@d= Knives@f(美) 乔·克兹曼主编@g朱鸿飞译@zeng
210    @a南京@c江苏凤凰科学技术出版社@d2016.12
215    @a196页@c彩图@d23cm
314    @a乔·克兹曼, 美国著名《刀锋》杂志的总编辑。
330    @a本书收录了世界上10位著名的、优秀的刀具爱好者兼专栏作家的文章, 谱写了一篇篇他们与刀之间缠绵一生的温情故事。同时, 还收集展示了600多款来自世界各地的独具特色的名刀。
500 10 @aKnives@mChinese
606 0  @a刀剪@Adao jian@x介绍@y世界
690    @aTS914.212@v5
701  1 @a克兹曼,@Ake zi man@b乔@4主编
702  0 @a朱鸿飞@Azhu hong fei@4译
801  0 @aCN@b人天书店@c20170117@g
905    @aBZT@dTS914.212@e1
906    @dCNY58.00@n3@r1
    
    刀鉴= Knives/(美) 乔·克兹曼主编/朱鸿飞译.-南京:江苏凤凰科学技术出版社,2016.12
    196页:彩图;23cm
    
    
    ISBN 978-7-5537-6839-7:CNY58.00
    本书收录了世界上10位著名的、优秀的刀具爱好者兼专栏作家的文章, 谱写了一篇篇他们与刀之间缠绵一生的温情故事。同时, 还收集展示了600多款来自世界各地的独具特色的名刀。
●
相关链接 在五车中查询图书 在当当中查询图书 在豆瓣中查询图书


正题名:刀鉴     索取号:TS914.212/1         预约/预借

序号 登录号 条形码 馆藏地/架位号 状态 备注
1 834082   2000834082   第二书库/ [索取号:TS914.212/1] 在馆    
2 834083   2000834083   第二书库/ [索取号:TS914.212/1] 在馆    
3 834084   2000834084   第二书库/ [索取号:TS914.212/1] 在馆    
山东省滨州职业学院图书馆 欢迎您!
大连网信软件有限公司© 版权所有